[Event "Zonal B"]
[Site "Budapest HUN"]
[Date "1993.??.??"]
[Round "9"]
[White "Topalov, Veselin"]
[Black "Polgar, Zsuzsa"]
[Result "1-0"]
[WhiteElo "2635"]
[BlackElo "2560"]
[EventDate "1993.03.??"]

1.e4 e6 2.d4 d5 3.Cc3 Fb4 4.e5 c5 5.a3 Fxc3+ 6.bxc3 Ce7 7.Cf3 Fd7 8.Fd3 c4
9.Fe2 Fa4 10.h4 h6 11.h5 Rd7 12.Ch4 g5 13.hxg6 fxg6 14.g4 g5 15.Cg2 Cbc6 
16.Fe3 Dg8 17.Th3 Dg6 18.Tc1 a5 19.Dd2 b5 20.Rf1 Tab8 21.Ce1 Thf8 22.Rg1 
Tf7 23.Cg2 b4 24.axb4 axb4 25.cxb4 Txb4 26.c3 Tb1 27.Rh2 Cg8 28.Fd3 Dxd3 
29.Dxd3 cxd3 30.Txb1 d2 31.Fxd2 Txf2 32.Fc1 Ta2 33.Tf3 Fd1 34.Tf8 Cce7 35.
Tb2 Txb2 36.Fxb2 Fxg4 37.Fa3 Fe2 38.Ce3 h5 39.Tf7 Re8 40.Tg7 g4 41.Rg3 Fd3
42.Rh4 Fg6 43.Rg5 Ff7 44.Th7 Cc8 45.Cf1 Cb6 46.Cg3 1-0

[Event "It"]
[Site "Las Palmas ESP"]
[Date "1996.12.15"]
[Round "5"]
[White "Anand, Viswanathan"]
[Black "Topalov, Veselin"]
[Result "1/2-1/2"]
[WhiteElo "2735"]
[BlackElo "2750"]
[EventDate "1996.12.08"]

1.e4 e5 2.Cf3 Cc6 3.Fb5 a6 4.Fa4 Cf6 5.O-O Fc5 6.d3 d6 7.Cc3 b5 8.Fb3 Ca5 
9.Rh1 c6 10.h3 Ta7 11.Ch2 O-O 12.f4 Cxb3 13.axb3 Te8 14.fxe5 dxe5 15.De1 
Cd7 16.Cf3 Cf8 17.Fe3 Fxe3 18.Dxe3 Td7 19.Tf2 f6 20.Ch4 Ce6 21.Cf5 Cd4 22.
Dg3 Cxf5 23.Txf5 c5 24.Tf2 Fb7 25.Taf1 Tf7 26.Cd5 Fxd5 27.exd5 Dxd5 28.
Txf6 Txf6 29.Txf6 1/2-1/2

[Event "It"]
[Site "Las Palmas ESP"]
[Date "1996.??.??"]
[Round "9"]
[White "Topalov, Veselin"]
[Black "Anand, Viswanathan"]
[Result "1/2-1/2"]
[WhiteElo "2750"]
[BlackElo "2735"]
[EventDate "1996.12.08"]

1.e4 c5 2.Cf3 d6 3.d4 cxd4 4.Cxd4 Cf6 5.Cc3 a6 6.Fe2 e6 7.O-O Cc6 8.Fe3 
Fe7 9.f4 Dc7 10.Rh1 O-O 11.Ff3 Te8 12.a4 Fd7 13.Dd2 Tab8 14.Cb3 b6 15.g4 
Fc8 16.Df2 Ca5 17.Tad1 Cc4 18.Fc1 b5 19.g5 Cd7 20.axb5 axb5 21.Fg2 b4 22.
Ce2 Cc5 23.f5 Ff8 24.g6 Cxb3 25.cxb3 Ce5 26.gxf7+ Dxf7 27.Cd4 exf5 28.exf5
Fb7 29.Ce6 Tbc8 30.Cg5 De7 31.Dd2 Rh8 32.Tde1 Dd7 33.Ce6 Db5 34.Td1 Fe7 
35.Fxb7 Dxb7+ 36.Dd5 Dxd5+ 37.Txd5 Cf7 38.Fd2 Ff6 39.Fxb4 1/2-1/2

[Event "Hoogovens"]
[Site "Wijk aan Zee NED"]
[Date "1998.??.??"]
[Round "3"]
[White "Van Wely, Loek"]
[Black "Topalov, Veselin"]
[Result "0-1"]
[WhiteElo "2605"]
[BlackElo "2740"]
[EventDate "1998.01.16"]

1.d4 Cf6 2.c4 e6 3.Cf3 c5 4.d5 d6 5.Cc3 exd5 6.cxd5 g6 7.h3 Fg7 8.e4 O-O 
9.Fd3 b5 10.Cxb5 Te8 11.Cd2 Cxe4 12.Fxe4 Fa6 13.a4 Da5 14.Cxd6 Cd7 15.Dc2 
f5 16.Cxe8 Txe8 17.Rd1 fxe4 18.Ta3 c4 19.Te3 Dxd5 20.Txe4 Tf8 21.f3 Cc5 
22.Te7 Ff6 23.Txa7 c3 24.Txa6 cxd2 25.Txf6 dxc1=D+ 26.Rxc1 Txf6 27.Td1 Dc6
28.Rb1 Cxa4 29.Dxc6 Txc6 30.Td8+ Rg7 31.Td7+ Rh6 32.h4 Cc5 33.Tf7 Ce6 34.
Ra2 Ta6+ 35.Rb1 Cd4 36.Tf4 Cf5 37.Te4 Td6 38.Rc2 Cg3 39.Tg4 Cf1 40.Rc3 Ce3
41.Tg5 Cf5 42.Tg4 Rh5 43.b4 Ce3 44.Td4 Txd4 45.Rxd4 Cc2+ 46.Re5 Cxb4 47.
Rf6 Cd5+ 48.Rg7 Ce3 0-1

[Event "Hoogovens"]
[Site "Wijk aan Zee NED"]
[Date "1998.01.20"]
[Round "4"]
[White "Topalov, Veselin"]
[Black "Salov, Valery"]
[Result "1-0"]
[WhiteElo "2740"]
[BlackElo "2680"]
[EventDate "1998.01.16"]

1.e4 c5 2.Cf3 d6 3.d4 cxd4 4.Cxd4 Cf6 5.Cc3 a6 6.Fg5 e6 7.f4 Fd7 8.f5 Fe7 
9.fxe6 fxe6 10.Fc4 Dc8 11.Fb3 Cc6 12.Cxc6 Dxc6 13.Dd3 Dc5 14.Fe3 Dh5 15.
Ff4 Td8 16.O-O O-O 17.h3 Rh8 18.Tad1 Fc8 19.Dg3 Dc5+ 20.Fe3 Dc6 21.e5 dxe5
22.Dxe5 Fd6 23.Txd6 Txd6 24.Ce4 Td5 25.Fxd5 Dxd5 26.Fd4 Dxe5 27.Fxe5 Fd7 
28.Fxf6 gxf6 29.Txf6 Txf6 30.Cxf6 Fc6 31.Rf2 Rg7 32.Cg4 Fe4 33.c3 h5 34.
Ce5 Rf6 35.Cd7+ Rf5 36.b4 Fc6 37.Cc5 Re5 38.g3 Rd5 39.Re3 Rc4 40.Ce4 e5 
41.g4 h4 42.g5 Fd7 43.g6 Fxh3 44.Cg5 Fg2 45.Cf3 Fh3 46.Rd2 Fe6 47.Cxh4 Rb5
48.Cf3 Fxa2 49.Cxe5 Fe6 50.Rc2 a5 51.bxa5 Rxa5 52.g7 Rb5 53.Rd3 Ra5 54.Rd4
b6 55.Cc6+ Ra4 56.Ce7 b5 57.g8=D 1-0

[Event "Hoogovens"]
[Site "Wijk aan Zee NED"]
[Date "1998.01.21"]
[Round "5"]
[White "Anand, Viswanathan"]
[Black "Topalov, Veselin"]
[Result "1-0"]
[WhiteElo "2770"]
[BlackElo "2740"]
[EventDate "1998.01.16"]

1.e4 e5 2.Cf3 Cc6 3.Fb5 a6 4.Fa4 Cf6 5.O-O b5 6.Fb3 Fc5 7.a4 Tb8 8.c3 d6 
9.d4 Fb6 10.axb5 axb5 11.h3 O-O 12.Te1 Te8 13.Ca3 b4 14.Cc4 bxc3 15.bxc3 
exd4 16.Cxb6 Txb6 17.cxd4 Cxe4 18.Fxf7+ Rxf7 19.Txe4 Txe4 20.Cg5+ Rg8 21.
Cxe4 Ff5 22.Cg5 Ce7 23.g4 Fg6 24.Ce6 Dc8 25.d5 Ff7 26.Cxg7 Rxg7 27.Dd4+ 
Rf8 28.Fh6+ Re8 29.Te1 1-0

[Event "Hoogovens"]
[Site "Wijk aan Zee NED"]
[Date "1998.01.22"]
[Round "6"]
[White "Piket, Jeroen"]
[Black "Topalov, Veselin"]
[Result "1-0"]
[WhiteElo "2575"]
[BlackElo "2740"]
[EventDate "1998.01.16"]

1.d4 Cf6 2.Cf3 e6 3.c4 c5 4.g3 cxd4 5.Cxd4 Db6 6.Fg2 Fc5 7.e3 Cc6 8.Cxc6 
dxc6 9.O-O e5 10.Cc3 Dc7 11.Dc2 O-O 12.b3 Fe6 13.Fb2 Tad8 14.h3 Cd7 15.
Tad1 f5 16.Tfe1 a5 17.Rh2 h5 18.Rh1 Tde8 19.a3 Fa7 20.Td2 Cf6 21.Dd1 h4 
22.gxh4 e4 23.Ce2 Ch5 24.Tg1 Fb8 25.Cg3 Cf6 26.f4 Td8 27.Ff1 Txd2 28.Dxd2 
Fa7 29.Fe2 Dd7 30.Dxd7 Fxd7 31.Ch5 Ce8 32.c5 g6 33.b4 Rh7 34.Td1 Fe6 35.
Td8 gxh5 36.Fxh5 axb4 37.axb4 b6 38.Fd4 bxc5 39.bxc5 Rg8 40.Fxe8 Fc4 1-0

[Event "Hoogovens"]
[Site "Wijk aan Zee NED"]
[Date "1998.01.24"]
[Round "7"]
[White "Topalov, Veselin"]
[Black "Polgar, Judit"]
[Result "1/2-1/2"]
[WhiteElo "2740"]
[BlackElo "2670"]
[EventDate "1998.01.16"]

1.d4 Cf6 2.c4 e6 3.Cf3 d5 4.Cc3 dxc4 5.e4 Fb4 6.Fg5 c5 7.Fxc4 cxd4 8.Cxd4 
Da5 9.Fd2 Dc5 10.Fb5+ Fd7 11.Cb3 De7 12.Fd3 Cc6 13.a3 Fd6 14.O-O Td8 15.f4
Fc8 16.e5 Fc5+ 17.Rh1 Txd3 18.exf6 gxf6 19.De2 Dd8 20.Tad1 Fe7 21.Fe3 Td7 
22.f5 Txd1 23.Txd1 Dc7 24.fxe6 Fxe6 25.Cd4 Cxd4 26.Fxd4 Tg8 27.Df2 Tg5 28.
Ce4 Tf5 29.De3 Dc4 30.Rg1 Td5 31.b3 Dc7 32.Tf1 f5 33.Cf6+ Fxf6 34.Fxf6 Dc5
35.Dxc5 Txc5 36.Td1 Td5 37.Txd5 Fxd5 38.b4 1/2-1/2

[Event "Hoogovens"]
[Site "Wijk aan Zee NED"]
[Date "1998.01.25"]
[Round "8"]
[White "Van der Sterren, Paul"]
[Black "Topalov, Veselin"]
[Result "1/2-1/2"]
[WhiteElo "2550"]
[BlackElo "2740"]
[EventDate "1998.01.16"]

1.d4 Cf6 2.c4 c5 3.d5 b5 4.cxb5 a6 5.bxa6 g6 6.Cc3 Fxa6 7.e4 Fxf1 8.Rxf1 
d6 9.g3 Fg7 10.Rg2 Cbd7 11.Cf3 O-O 12.Te1 Da5 13.e5 Cg4 14.exd6 exd6 15.
Ff4 Tfb8 16.Te2 Da6 17.Tc1 Cge5 18.Cxe5 Cxe5 19.Fxe5 Fxe5 20.b3 Tb4 21.Td2
c4 22.Ce2 Rg7 23.bxc4 Txc4 24.Txc4 Dxc4 25.Dc2 Db4 26.Cg1 Ta3 27.Cf3 Ff6 
28.Td3 De4 29.Tc3 Dxc2 30.Txc2 Ta5 31.Td2 Fc3 1/2-1/2

[Event "Hoogovens"]
[Site "Wijk aan Zee NED"]
[Date "1998.01.29"]
[Round "11"]
[White "Topalov, Veselin"]
[Black "Nijboer, Friso"]
[Result "1/2-1/2"]
[WhiteElo "2740"]
[BlackElo "2580"]
[EventDate "1998.01.16"]

1.d4 Cf6 2.c4 g6 3.Cc3 Fg7 4.e4 d6 5.Fe2 O-O 6.Cf3 e5 7.O-O Cc6 8.d5 Ce7 
9.b4 Ch5 10.Te1 Cf4 11.Ff1 a5 12.bxa5 Txa5 13.a4 c5 14.Ta3 h6 15.Cd2 Ta6 
16.Cb5 Fd7 17.g3 Ch5 18.Fb2 Fe8 19.Fe2 Cf6 20.f4 Cd7 21.Da1 f5 22.Rh1 g5 
23.Tf1 Fg6 24.Fd3 g4 25.exf5 Cxf5 26.Db1 exf4 27.Fxg7 Rxg7 28.Txf4 Ce5 29.
Fxf5 Txf5 30.Txf5 Dd7 31.Te3 Dxf5 32.Dxf5 Fxf5 33.Cxd6 Txd6 34.Txe5 Rf6 
35.Te8 Ta6 36.Ce4+ Fxe4+ 37.Txe4 h5 38.h3 gxh3 39.Rh2 Txa4 40.Rxh3 Rf5 41.
Th4 Rg5 42.Tf4 Tb4 43.Te4 Rf5 1/2-1/2

[Event "Hoogovens"]
[Site "Wijk aan Zee NED"]
[Date "1998.01.30"]
[Round "12"]
[White "Adams, Michael"]
[Black "Topalov, Veselin"]
[Result "1-0"]
[WhiteElo "2670"]
[BlackElo "2740"]
[EventDate "1998.01.16"]

1.e4 c5 2.Cf3 d6 3.d4 cxd4 4.Dxd4 Fd7 5.c4 Cc6 6.Dd2 g6 7.Fe2 Fg7 8.O-O 
Fg4 9.Cc3 Cf6 10.Tb1 O-O 11.b3 Cd7 12.Fb2 Cc5 13.Tfd1 a6 14.De3 Fxf3 15.
Fxf3 e6 16.g3 Dc7 17.Fg2 Tfd8 18.Ce2 Fxb2 19.Txb2 Tac8 20.Cc3 Da5 21.Tbd2 
b5 22.cxb5 axb5 23.Ff1 Ca7 24.Txd6 Txd6 25.Txd6 b4 26.Ca4 Cb5 27.Fxb5 Dxb5
28.Cb6 Tb8 29.Cc4 Ca4 30.Dd3 Cc3 31.a4 Dg5 32.Rg2 Dc1 33.a5 Da1 34.a6 Tf8 
35.Ce5 Ce2 36.Dxe2 Dxe5 37.Dd3 Da5 38.Dc4 h5 39.h4 1-0

[Event "Hoogovens"]
[Site "Wijk aan Zee NED"]
[Date "1998.02.01"]
[Round "13"]
[White "Topalov, Veselin"]
[Black "Gelfand, Boris"]
[Result "1/2-1/2"]
[WhiteElo "2740"]
[BlackElo "2675"]
[EventDate "1998.01.16"]

1.e4 c5 2.Cf3 d6 3.d4 cxd4 4.Cxd4 Cf6 5.Cc3 a6 6.Fg5 e6 7.f4 Db6 8.Dd2 
Dxb2 9.Tb1 Da3 10.f5 Cc6 11.fxe6 fxe6 12.Cxc6 bxc6 13.e5 dxe5 14.Fxf6 gxf6
15.Ce4 Dxa2 16.Td1 Fe7 17.Fe2 O-O 18.O-O Ta7 19.Dh6 Td7 20.Td3 Txd3 21.
Fxd3 f5 22.Cg5 Fxg5 23.Dxg5+ Rh8 24.De7 Tg8 25.Df6+ Tg7 26.Df8+ Tg8 27.
Df6+ Tg7 28.Td1 Dd5 29.Df8+ Tg8 30.Df6+ Tg7 1/2-1/2

[Event "Hoogovens"]
[Site "Wijk aan Zee NED"]
[Date "1999.01.17"]
[Round "2"]
[White "Svidler, Peter"]
[Black "Topalov, Veselin"]
[Result "1/2-1/2"]
[WhiteElo "2713"]
[BlackElo "2700"]

1.e4 c5 2.Cc3 g6 3.Cf3 Fg7 4.d4 cxd4 5.Cxd4 Cc6 6.Fe3 Cf6 7.Fc4 O-O 8.Fb3 
a5 9.a4 Cg4 10.Dxg4 Cxd4 11.Dh4 d6 12.Cd5 Te8 13.Td1 Cxb3 14.Fb6 Dd7 15.
cxb3 Ta6 16.Fd4 Dd8 17.Fxg7 Rxg7 18.Dg3 Fe6 19.O-O Tc6 20.De3 Fxd5 21.exd5
Tc5 22.h4 Dd7 23.Dd4+ Rg8 24.h5 Df5 25.hxg6 hxg6 26.Tfe1 b5 27.Td3 f6 28.
axb5 Txb5 29.Th3 g5 30.Dc4 Tb4 31.De2 Dg6 32.De6+ Rg7 33.Dd7 Df7 34.The3 
Rf8 35.Th3 Rg7 36.The3 Rf8 37.Th3 Rg7 1/2-1/2

[Event "Hoogovens"]
[Site "Wijk aan Zee NED"]
[Date "1999.01.21"]
[Round "5"]
[White "Topalov, Veselin"]
[Black "Van Wely, Loek"]
[Result "1-0"]
[WhiteElo "2700"]
[BlackElo "2636"]

1.e4 c5 2.Cf3 Cc6 3.d4 cxd4 4.Cxd4 Cf6 5.Cc3 e5 6.Cdb5 d6 7.Fg5 a6 8.Ca3 
b5 9.Fxf6 gxf6 10.Cd5 f5 11.c3 Fg7 12.exf5 Fxf5 13.Cc2 O-O 14.Cce3 Fe6 15.
Fd3 f5 16.O-O e4 17.Cf4 Ff7 18.Fc2 Fe5 19.Cfd5 Dg5 20.f4 exf3 21.Txf3 Fh5 
22.Cc7 Ff4 23.Dd5+ Rh8 24.Txf4 Dxf4 25.Te1 Tac8 26.Ce6 Dh4 27.g3 Tg8 28.
Cxf5 Dc4 29.Dxd6 Tg6 30.Ce7 Cxe7 31.De5+ Rg8 32.Fxg6 1-0

[Event "Hoogovens"]
[Site "Wijk aan Zee NED"]
[Date "1999.01.23"]
[Round "6"]
[White "Yermolinsky, Alex"]
[Black "Topalov, Veselin"]
[Result "1-0"]
[WhiteElo "2597"]
[BlackElo "2700"]

1.Cf3 Cf6 2.c4 g6 3.Cc3 Fg7 4.e4 d6 5.d4 O-O 6.Fe2 e5 7.O-O Cc6 8.d5 Ce7 
9.Fg5 Ch5 10.Ce1 Cf4 11.Cd3 Cxe2+ 12.Dxe2 h6 13.Fd2 f5 14.f4 exf4 15.Cxf4 
g5 16.Ce6 Fxe6 17.dxe6 f4 18.g3 fxg3 19.hxg3 Cg6 20.Cd5 c6 21.Dh5 cxd5 22.
Dxg6 Db6+ 23.Rh1 Dxb2 24.e7 Tfe8 25.Fxg5 hxg5 26.Df7+ Rh8 27.Tae1 dxc4 28.
Dh5+ Rg8 29.Te2 Dxe2 30.Dxe2 Txe7 31.Dxc4+ Rh7 32.Dd5 Tae8 33.Tf7 Txf7 34.
Dxf7 Te5 35.Dxb7 Ta5 36.Db3 Fe5 37.g4 Ff4 38.a4 Rg6 39.Dg8+ Rh6 40.Dd8 Tc5
41.Df6+ Rh7 42.Df7+ Rh6 43.Dxa7 Rg6 44.a5 Rf6 45.a6 Tc1+ 46.Rg2 Tc2+ 47.
Rf3 1-0

[Event "Hoogovens"]
[Site "Wijk aan Zee NED"]
[Date "1999.01.25"]
[Round "8"]
[White "Topalov, Veselin"]
[Black "Reinderman, Dimitri"]
[Result "1-0"]
[WhiteElo "2700"]
[BlackElo "2542"]

1.d4 Cf6 2.c4 g6 3.Cc3 Fg7 4.e4 d6 5.Cf3 O-O 6.Fe2 c5 7.O-O cxd4 8.Cxd4 
Cc6 9.Fe3 Fd7 10.Dd2 Cxd4 11.Fxd4 Fc6 12.f3 a5 13.b3 Cd7 14.Fe3 Cc5 15.
Tab1 e6 16.Tfd1 Fe5 17.Fd4 De7 18.Ff1 Tfd8 19.De3 Fxd4 20.Txd4 e5 21.Td2 
Ce6 22.Tbd1 Rg7 23.g3 h6 24.h4 g5 25.h5 g4 26.fxg4 Cg5 27.Tf2 Dc7 28.Tf5 
f6 29.Fe2 Tf8 30.Rh2 Tad8 31.Tff1 Fd7 32.Cd5 Dc5 33.Dd3 Fe6 34.Ce3 Tf7 35.
Td2 Dc6 36.Ff3 Dc5 37.Fg2 Dc8 38.De2 Dc5 39.Tfd1 b6 40.Df2 Rf8 41.Td5 Dc7 
42.Tb5 Tb8 43.Td3 Rg7 44.a4 Rf8 45.b4 axb4 46.Txb4 Ta8 47.Tdb3 Ta6 48.Cf5 
Fxf5 49.Dxf5 Dd7 50.Dg6 Dxg4 51.Txb6 Txb6 52.Txb6 Dd7 53.Tb8+ Re7 54.a5 
Da7 55.Dg8 Re6 56.Fh3+ f5 57.exf5+ Rf6 58.Dg6+ Re7 59.f6+ 1-0

[Event "Hoogovens"]
[Site "Wijk aan Zee NED"]
[Date "1999.01.26"]
[Round "9"]
[White "Piket, Jeroen"]
[Black "Topalov, Veselin"]
[Result "1-0"]
[WhiteElo "2609"]
[BlackElo "2700"]

1.d4 Cf6 2.c4 c5 3.d5 b5 4.cxb5 a6 5.bxa6 g6 6.Cc3 Fxa6 7.Cf3 Fg7 8.g3 d6 
9.Fg2 Cbd7 10.Tb1 O-O 11.O-O Cb6 12.b3 Ta7 13.a4 Da8 14.Ch4 Tb8 15.Fb2 
Cbd7 16.Fa1 Ce5 17.Dc2 Tab7 18.Tfd1 Da7 19.Ff1 Ce8 20.Ce4 Tb6 21.Cd2 Cd7 
22.Fxg7 Rxg7 23.Chf3 Cef6 24.e4 Tb4 25.Fxa6 Dxa6 26.Cc4 Cb6 27.Cfd2 Cfd7 
28.Ca3 Cf6 29.Dc3 Cd7 30.Cc2 T4b7 31.Cc4 Rg8 32.f3 Ta8 33.Tb2 Cb6 34.C2e3 
Cxc4 35.Cxc4 Tb4 36.e5 dxe5 37.Dxe5 Db7 38.d6 Dxf3 39.Tf1 De4 40.dxe7 Dxe5
41.Cxe5 Te4 42.Td2 Te8 43.Cc4 Te6 44.Txf6 1-0

[Event "Hoogovens"]
[Site "Wijk aan Zee NED"]
[Date "1999.01.29"]
[Round "11"]
[White "Kasimdzhanov, Rustam"]
[Black "Topalov, Veselin"]
[Result "1/2-1/2"]
[WhiteElo "2595"]
[BlackElo "2700"]

1.e4 c5 2.Cf3 d6 3.d4 cxd4 4.Dxd4 Cc6 5.Fb5 Fd7 6.Fxc6 Fxc6 7.Cc3 Cf6 8.
Fg5 e6 9.O-O-O Fe7 10.Dd3 Da5 11.Fd2 Dc7 12.Cd4 a6 13.f4 b5 14.e5 dxe5 15.
fxe5 Cd7 16.Cxc6 Dxc6 17.Dg3 g6 18.Fg5 Fxg5+ 19.Dxg5 b4 20.Ce2 Tc8 21.Cd4 
Dc4 22.Rb1 O-O 23.h4 f6 24.exf6 e5 25.Cf3 Cxf6 26.Tc1 e4 27.Cd2 De6 
1/2-1/2

[Event "Hoogovens"]
[Site "Wijk aan Zee NED"]
[Date "1999.01.30"]
[Round "12"]
[White "Topalov, Veselin"]
[Black "Sokolov, Ivan"]
[Result "1/2-1/2"]
[WhiteElo "2700"]
[BlackElo "2610"]

1.e4 e5 2.Cf3 Cc6 3.Fb5 Cf6 4.O-O Cxe4 5.d4 Cd6 6.Fxc6 dxc6 7.dxe5 Cf5 8.
Dxd8+ Rxd8 9.Cc3 Re8 10.h3 a5 11.Te1 Fb4 12.Fd2 Fe6 13.Tad1 Td8 14.a3 Fxc3
15.Fxc3 Txd1 16.Txd1 Fd5 17.Cd4 Cxd4 18.Txd4 b6 19.f4 f5 20.exf6 gxf6 21.
f5 Tg8 22.g4 h5 23.Rf2 hxg4 24.hxg4 Rf7 25.Fd2 Te8 26.Ff4 Te4 27.Txe4 Fxe4
28.Fxc7 1/2-1/2

[Event "EU Team Ch"]
[Site "Batumi GEO"]
[Date "1999.12.05"]
[Round "7"]
[White "Topalov, Veselin"]
[Black "Movsesian, Sergei"]
[Result "1-0"]
[WhiteElo "2690"]
[BlackElo "2659"]
[EventDate "1999.11.06"]

1.d4 Cf6 2.c4 g6 3.Cc3 Fg7 4.e4 d6 5.Cf3 O-O 6.Fe2 e5 7.O-O Cbd7 8.Fe3 De7
9.d5 c5 10.Fg5 h6 11.Fd2 Ce8 12.g3 Cdf6 13.Ch4 Fh3 14.Te1 Rh7 15.Tb1 b6 
16.a3 Fd7 17.b4 Dd8 18.Fd3 Cg8 19.Dc2 Tc8 20.bxc5 dxc5 21.f4 Cd6 22.a4 Ce7
23.Cb5 Fxb5 24.axb5 Dd7 25.fxe5 Fxe5 26.Cf3 f6 27.Cxe5 fxe5 28.Fc3 Cf7 29.
Tf1 Tce8 30.Rh1 g5 31.Tf6 Cg6 32.Tbf1 Cd6 33.Txf8 Cxf8 34.Fe2 Rg7 35.Fh5 
Te7 36.De2 Ch7 37.Fg4 De8 38.Ff5 Cf6 39.Rg2 Dg8 40.h4 g4 41.Fxg4 Cfxe4 42.
Fe1 Dh7 43.Rh3 Tf7 44.Txf7+ Cxf7 45.Fe6 Ced6 46.Fxf7 Cxf7 47.Df3 Dg6 48.
Fc3 Df6 49.Dg4+ Rh7 50.Rg2 Dg6 51.Dxg6+ Rxg6 52.g4 Rf6 53.Rf3 Cd6 54.Fd2 
Rg7 55.Fc1 Rg6 56.h5+ Rg7 57.Re3 Cf7 58.Rd3 Rf6 59.Fd2 Rg7 60.Fe1 Cd6 61.
Fg3 Rf6 62.Fh4+ Rf7 63.g5 e4+ 64.Rc3 Cf5 65.g6+ Rg7 66.Fd8 e3 67.Rd3 Rf8 
68.Fc7 Cg7 69.Rxe3 Re7 70.Fe5 1-0

[Event "EU Team Ch"]
[Site "Batumi GEO"]
[Date "1999.12.06"]
[Round "8"]
[White "Leko, Peter"]
[Black "Topalov, Veselin"]
[Result "1-0"]
[WhiteElo "2701"]
[BlackElo "2690"]
[EventDate "1999.11.06"]

1.e4 c5 2.Cf3 d6 3.d4 cxd4 4.Cxd4 Cf6 5.Cc3 a6 6.f3 Db6 7.Cb3 e6 8.g4 Cc6 
9.De2 Dc7 10.Fe3 b5 11.O-O-O Fe7 12.Rb1 Cd7 13.Df2 Fb7 14.g5 Tc8 15.Tg1 
O-O 16.h4 b4 17.Ca4 Cce5 18.Cb6 Cxb6 19.Fxb6 Db8 20.Fh3 Cc4 21.Fa7 Dc7 22.
h5 a5 23.g6 Ff6 24.Fd4 e5 25.gxf7+ Rxf7 26.Fxc8 Txc8 27.Fa7 a4 28.Cc1 d5 
29.Cd3 d4 30.Fc5 Ce3 31.Fxb4 Db6 32.Tc1 Fa6 33.Dd2 Db5 34.a3 Rg8 35.Cf2 h6
36.Tg6 De2 37.Cg4 Cxg4 38.Txg4 Dxf3 39.Tcg1 Rf7 40.De1 Fe2 41.T4g2 d3 42.
cxd3 Fxd3+ 43.Ra1 Tc2 44.Txc2 Fxc2 45.Dd2 Dxe4 46.Dd7+ Rg8 47.Fe7 De3 48.
Dc8+ Rf7 49.Fc5 Dd3 50.Tc1 Fb3 51.Df8+ 1-0

[Event "GM tournament"]
[Site "Linares ESP"]
[Date "1994.??.??"]
[Round "1"]
[White "Topalov, Veselin"]
[Black "Ivanchuk, Vassily"]
[Result "1-0"]
[WhiteElo "2640"]
[BlackElo "2710"]
[EventDate "1994.02.??"]

1.e4 c6 2.d4 d5 3.exd5 cxd5 4.Fd3 Cc6 5.c3 Cf6 6.Fg5 Fg4 7.Ce2 e6 8.Dc2 
Fxe2 9.Dxe2 h6 10.Fh4 Db6 11.Fg3 Fe7 12.O-O O-O 13.b3 Tac8 14.Cd2 a6 15.a4
Dd8 16.Tac1 Te8 17.Rh1 Fd6 18.f4 Ce7 19.Cf3 Cf5 20.Ce5 Fe7 21.Tc2 g6 22.
Fe1 h5 23.h3 h4 24.Fxf5 exf5 25.Fxh4 Ce4 26.Fe1 Fh4 27.g4 fxg4 28.hxg4 Rg7
29.f5 Tc7 30.Rg2 Fxe1 31.Dxe1 Dg5 32.Dc1 Dxc1 33.Tcxc1 gxf5 34.Txf5 f6 35.
Cd3 Txc3 36.Txc3 Cxc3 37.Cf4 Te4 38.Rf3 Rh7 39.Txf6 b5 40.Txa6 Txd4 41.
Ta7+ Rg8 42.a5 Tb4 43.g5 Txb3 44.Ce6 b4 45.Rf4 Ce2+ 46.Re5 Te3+ 47.Rf6 
Tf3+ 48.Rg6 Cf4+ 49.Cxf4 Txf4 50.Ta8+ Tf8 51.Txf8+ Rxf8 52.a6 b3 53.a7 b2 
54.a8=D+ 1-0

[Event "It"]
[Site "Linares ESP"]
[Date "1995.??.??"]
[Round "6"]
[White "Ivanchuk, Vassily"]
[Black "Topalov, Veselin"]
[Result "1-0"]
[WhiteElo "2700"]
[BlackElo "2630"]
[EventDate "1995.03.??"]

1.c4 Cf6 2.Cc3 g6 3.e4 d6 4.d4 Fg7 5.Cf3 O-O 6.Fe2 e5 7.Fe3 h6 8.O-O Cg4 
9.Fc1 Ca6 10.Tb1 f5 11.dxe5 Cxe5 12.Cxe5 dxe5 13.b4 c6 14.b5 cxb5 15.Cxb5 
Fe6 16.Fa3 Dxd1 17.Tfxd1 Tfd8 18.Txd8+ Txd8 19.Cxa7 Ff8 20.Fxf8 Rxf8 21.
exf5 gxf5 22.Tb2 Cc5 23.f3 Ca4 24.Tc2 f4 25.Rf1 Ff5 26.Tc1 Td2 27.c5 e4 
28.c6 bxc6 29.Cxc6 exf3 30.Fxf3 Txa2 31.Cd4 Fd7 32.Fc6 Cb6 33.Fxd7 Cxd7 
34.Ce6+ Rf7 35.Cxf4 Ce5 36.h3 Ta4 37.Cd5 Re6 38.Td1 Ta3 39.Rf2 Cd3+ 40.
Txd3 1-0

[Event "Novgorod"]
[Site "Novgorod RUS"]
[Date "1995.??.??"]
[Round "9"]
[White "Ivanchuk, Vassily"]
[Black "Topalov, Veselin"]
[Result "0-1"]
[WhiteElo "2700"]
[BlackElo "2630"]
[EventDate "1995.05.??"]

1.d4 Cf6 2.Cf3 e6 3.c4 c5 4.d5 d6 5.Cc3 exd5 6.cxd5 g6 7.Cd2 Fg7 8.Cc4 O-O
9.g3 b6 10.a4 Fa6 11.Cb5 Ce8 12.Fg2 Fxb5 13.axb5 Cd7 14.Ff4 De7 15.O-O g5 
16.Fd2 Cc7 17.Db3 f5 18.Tae1 f4 19.gxf4 gxf4 20.Rh1 Ce5 21.Ff3 Dd7 22.Tg1 
Dxb5 23.Dxb5 Cxb5 24.Cxe5 dxe5 25.Fg4 Rh8 26.Fd7 Cc7 27.Fc6 Tad8 28.e4 
fxe3 29.Txe3 Cxd5 30.Teg3 Ce7 31.Txg7 Cxc6 32.Fe3 Td6 33.Tc7 Tg8 34.Txg8+ 
Rxg8 35.Rg2 e4 36.Rg3 Tf6 37.Fg5 Tf3+ 38.Rg2 Cd4 39.Txa7 Cf5 40.Ta4 Tb3 
41.Txe4 Txb2 42.Tf4 Cg7 43.Tf6 Tb4 44.Rf3 h5 45.h4 b5 46.Tc6 Tc4 47.Tc8+ 
Rf7 48.Tc7+ Rg6 49.Tc6+ Rf5 50.Tf6+ Re5 51.Th6 Cf5 52.Txh5 b4 53.Th8 Cd4+ 
54.Rg4 Ce6+ 55.Rh5 b3 56.Tb8 Tb4 57.Txb4 cxb4 58.Fc1 Cf4+ 59.Rg5 Cd3 60.h5
Re6 0-1

[Event "Investbanka"]
[Site "Belgrade SCG"]
[Date "1995.??.??"]
[Round "9"]
[White "Ivanchuk, Vassily"]
[Black "Topalov, Veselin"]
[Result "0-1"]
[WhiteElo "2740"]
[BlackElo "2670"]
[EventDate "1995.11.??"]

1.e4 c5 2.Cf3 d6 3.d4 cxd4 4.Cxd4 Cf6 5.Cc3 g6 6.Fe3 Fg7 7.f3 Cc6 8.Dd2 
O-O 9.Fc4 Fd7 10.h4 Tc8 11.Fb3 h5 12.O-O-O Ce5 13.Fg5 Tc5 14.g4 hxg4 15.f4
Cc4 16.De2 Dc8 17.Fxf6 Fxf6 18.Cd5 Txd5 19.exd5 b5 20.h5 g5 21.fxg5 Fxg5+ 
22.Rb1 f5 23.Td3 f4 24.Fxc4 Dxc4 0-1

[Event "?"]
[Site "Dos Hermanas ESP"]
[Date "1996.??.??"]
[Round "1"]
[White "Ivanchuk, Vassily"]
[Black "Topalov, Veselin"]
[Result "1/2-1/2"]
[WhiteElo "2735"]
[BlackElo "2700"]
[EventDate "1996.05.??"]

1.e4 c5 2.Cf3 d6 3.d4 cxd4 4.Cxd4 Cf6 5.Cc3 a6 6.Fg5 e6 7.f4 Db6 8.a3 Cc6 
9.Cb3 Fe7 10.Df3 Dc7 11.Fe2 Tb8 12.Dg3 h6 13.Fh4 O-O 14.O-O b5 15.Rh1 Cd7 
16.Fxe7 Cxe7 17.Tad1 e5 18.fxe5 dxe5 19.Cd4 Cb6 20.Fh5 f6 21.b3 Rh8 22.h3 
Tb7 23.Cde2 Fe6 24.De3 Tbb8 25.Td3 Fg8 26.Fg4 Fh7 27.Tfd1 f5 28.exf5 Cxf5 
29.Fxf5 Fxf5 30.T3d2 Fh7 31.Ce4 Tbd8 32.C2c3 Txd2 33.Txd2 Cd7 34.Rh2 Db7 
35.Td6 Tc8 36.Dd2 Fxe4 37.Txd7 Dc6 38.Cxe4 Dxe4 39.Txg7 Rxg7 40.Dd7+ Rf6 
41.Dxc8 Df4+ 42.Rg1 De3+ 43.Rf1 Df4+ 1/2-1/2

[Event "Novgorod"]
[Site "Novgorod RUS"]
[Date "1996.??.??"]
[Round "3"]
[White "Topalov, Veselin"]
[Black "Ivanchuk, Vassily"]
[Result "1/2-1/2"]
[WhiteElo "2750"]
[BlackElo "2730"]
[EventDate "1996.07.??"]

1.e4 e5 2.Cf3 Cf6 3.Cxe5 d6 4.Cf3 Cxe4 5.d4 d5 6.Fd3 Cc6 7.O-O Fe7 8.c4 
Cb4 9.Fe2 O-O 10.Cc3 Fe6 11.Fe3 Ff5 12.Tc1 dxc4 13.Fxc4 c6 14.Ce5 Cxc3 15.
bxc3 Cd5 16.Df3 Fe6 17.Fd2 f6 18.Cd3 Dd7 19.Tfe1 Fd6 20.h3 Ff7 21.Fb3 Tae8
22.Dg4 Txe1+ 23.Txe1 Td8 24.Dxd7 Txd7 25.Ce5 Fxe5 26.dxe5 fxe5 27.Txe5 Cf6
28.Fg5 Fxb3 29.axb3 Td1+ 30.Rh2 Rf7 31.Te3 h6 32.Fxf6 Rxf6 33.h4 1/2-1/2

[Event "Novgorod"]
[Site "Novgorod RUS"]
[Date "1996.??.??"]
[Round "8"]
[White "Ivanchuk, Vassily"]
[Black "Topalov, Veselin"]
[Result "1-0"]
[WhiteElo "2730"]
[BlackElo "2750"]
[EventDate "1996.07.??"]

1.e4 c5 2.Cf3 d6 3.d4 cxd4 4.Cxd4 Cf6 5.Cc3 a6 6.Fe2 e6 7.O-O Fe7 8.f4 O-O
9.Rh1 Dc7 10.a4 Cc6 11.Fe3 Te8 12.Ff3 Tb8 13.g4 Ff8 14.g5 Cd7 15.Fg2 Cxd4 
16.Fxd4 b5 17.axb5 axb5 18.Ta7 Dd8 19.b4 e5 20.Fe3 exf4 21.Fxf4 Ce5 22.Cd5
Fg4 23.Dd2 Cc6 24.g6 Cxa7 25.gxf7+ Rh8 26.Fg5 Dd7 27.fxe8=C Txe8 28.Df2 
Rg8 29.e5 h6 30.Cb6 Dc7 31.Fd5+ Rh7 32.Fe4+ Rg8 33.Cd5 Dd7 34.Ce7+ 1-0

[Event "It"]
[Site "Dortmund GER"]
[Date "1997.07.07"]
[Round "4"]
[White "Ivanchuk, Vassily"]
[Black "Topalov, Veselin"]
[Result "1/2-1/2"]
[WhiteElo "2725"]
[BlackElo "2745"]
[EventDate "1997.07.04"]

1.e4 c5 2.Cc3 d6 3.f4 g6 4.Cf3 Fg7 5.Fb5+ Fd7 6.a4 Cc6 7.O-O e6 8.Fxc6 
Fxc6 9.d4 Cf6 10.d5 exd5 11.exd5 Fd7 12.Te1+ Rf8 13.b3 h6 14.Fb2 a6 15.a5 
Rg8 16.Dd2 Fg4 17.Tf1 Rh7 18.Ce5 Te8 19.Cxg4 Cxg4 20.Ca4 Fxb2 21.Cxb2 Dh4 
22.g3 Df6 23.Cc4 h5 24.Tae1 Ch6 25.Rg2 Cf5 26.Tf2 Cd4 27.Te3 Df5 28.Rg1 
Txe3 29.Dxe3 Dd7 30.Cb6 De8 31.Dd3 Td8 32.Rg2 Rg8 33.b4 Db5 34.Dxb5 axb5 
35.c3 Cf5 36.Te2 Rf8 37.Rf2 c4 38.h3 h4 39.g4 Cg3 40.Te3 f5 41.g5 Ce4+ 42.
Re2 Te8 43.Rd1 Re7 44.Re1 Rd8 45.Rd1 Cf2+ 46.Re2 Txe3+ 47.Rxe3 Ce4 48.Rd4 
Rc7 49.Ca8+ Rd7 50.Cb6+ Rd8 51.Ca8 1/2-1/2